Регионална библиотека "Любен Каравелов" - Русе

Магазинчето за антики и вълшебства (Запис номер 400245)

MARC детайли
000 -Лидер
Контролно поле с фиксирана дължина 01134nam a22002657a 4500
003 - Код на организацията, давaща контролен номер
Контролно поле BLK
005 - Дата и час на последна редакция
Контролно поле 20241005115815.0
008 - Елементи от данни с фиксирана дължина
fixed length control field 210308b bu ||||| |||| 00| 0 bu d
020 ## - Международен стандартен номер на книга ISBN
Международен стандартен номер на книга ISBN 978-954-26-2048-8
040 ## - Източник на каталожния запис
Идентификатор на билиотеката - собственик на записа BLK
041 ## - Код за език
Код за езика на текст/звукозапис или на отделно заглавие Български
Код за езика КДБФ Български
080 ## - УДК
Текстов определител УДК Немска литература
УДК код - определител по УДК 821.112.2
УДК определител -31
УДК - код + определител 821.112.2-31
100 ## - Редна дума - Автор
R(LIN) 1299
Автор Инуса, Мануела
Авторска отговорност първи автор
139 ## - Редно поле
Редна дума Инуса, Мануела
245 ## - Сведения за заглавието
Заглавие Магазинчето за антики и вълшебства
Подзаглавни данни роман
Редно поле (дума) Мануела Инуса ; прев. от нем. Емилия Драганова
257 ## - Страна на издаване
Страна на създаване/издаване Германия
260 ## - Област на издателските данни
9 (RLIN) 209439
Място на издаване, разпространение и проч. Пловдив
Име на издателя, разпространителя и проч. Хермес
Година на издаване 2020
Печатница ([София] : Алианс принт)
Издателство - префикс ISBN 978-954-26- ; 978-954-459-
300 ## - Физическа характеристика
Страници 240 с.
Размери/Мащаб 20 см
380 ## - Жанр
Жанр Худож. лит.
500 ## - Общи забележки
Забележка Ориг. загл.: Der Zauberhafte der Trödelladen / Manuela Inusa
700 ## - Други автори (авторска отговорност)
9 (RLIN) 277958
Лично име Драганова, Емилия Владимирова
Автороска отговорност (Описва отношението между автора и произведението) прев. от нем.
852 ## - Местоположение
Форматна сигнатура Цб 306857
Фондова буква Хранилище
999 ## - СИСТЕМНИ КОНТРОЛНИ НОМЕРА
Koha biblionumber 400245
Koha biblioitemnumber 400245
942 ## - АРТИКУЛИ
Вид на библиотечния материал Книги
Скрит в OPAC Не
Периодичен библиозапис Да
Koha issues (borrowed), all copies 21
944 ## - СЪЗДАВАНЕ И РЕДАКЦИЯ на ЗАПИСА
Създаване/Редакция Създаване
Дата на регистрацията/редакция 2021-03-08
Служител, извършил регистрацията/редакцията 30542
Статус, дата на статуса Русанова Ирена
Наличности
Код за отписване Код за изгубен артикул Източник на класификационната схема Код за повреда Коз за рестрикции Код за отдаване Артикулен № Име на библиотеката - собственик Име на библиотеката, в която се намира в момента Статус (Текущо местоположение) Дата на вписване в системата Местоположение - отдел Цена в лева Систематично азбучна сигнатура Баркод Цена в евро Служебен тип на артикула
  Не е изгубен Universal Decimal Classification Не е повреден само за читалня ползва се в читалня 815460 Регионална библиотека "Любен Каравелов" Русе Регионална библиотека "Любен Каравелов" Русе Хранилище 2021-03-10 Хранилище 14.95 Цб 306857 120000852742 7.64 Книги
  Не е изгубен Universal Decimal Classification Не е повреден без рестрикции заемане за дома 913670 Регионална библиотека "Любен Каравелов" Русе Регионална библиотека "Любен Каравелов" Русе Заемна - подръчен фонд 2022-11-24 Заемна - подръчен фонд 10.46 821-31/И 72 М 120000878891 5.35 Книги
  Не е изгубен Universal Decimal Classification Не е повреден без рестрикции заемане за дома 913671 Регионална библиотека "Любен Каравелов" Русе Регионална библиотека "Любен Каравелов" Русе Заемна - подръчен фонд 2022-11-24 Заемна - подръчен фонд 10.46 821-31/И 72 М 120000878890 5.35 Книги
Vip Innovations Ltd, Rousse, Bulgaria 2025